|
|
|
|
| LEADER |
01449nam a2200385 4500 |
| 001 |
ocn989974698 |
| 003 |
OCoLC |
| 005 |
20180501122036.0 |
| 006 |
m o d |
| 007 |
cr cnu|||unuuu |
| 008 |
170613s2017 mau ob 001 0 eng d |
| 040 |
|
|
|a N$T
|b eng
|e rda
|e pn
|c N$T
|d N$T
|d OPELS
|d YDX
|d OCLCF
|d IDEBK
|d OCLCQ
|d OTZ
|d GrThAP
|
| 020 |
|
|
|a 9780128121863
|q (electronic bk.)
|
| 020 |
|
|
|a 0128121866
|q (electronic bk.)
|
| 020 |
|
|
|a 9780128120835
|
| 035 |
|
|
|a (OCoLC)989974698
|
| 050 |
|
4 |
|a QD411
|b .A38 2017eb
|
| 072 |
|
7 |
|a SCI
|x 013040
|2 bisacsh
|
| 082 |
0 |
4 |
|a 547/.05
|2 23
|
| 049 |
|
|
|a TEFA
|
| 245 |
0 |
0 |
|a Advances in organometallic chemistry.
|n Volume 67 /
|c edited by Pedro J. Pérez ; founding editors, F. Gordon A. Stone, Robert West.
|
| 250 |
|
|
|a First edition.
|
| 264 |
|
1 |
|a Cambridge, MA :
|b Elsevier :
|b Academic Press,
|c 2017.
|
| 300 |
|
|
|a 1 online resource (495 pages).
|
| 336 |
|
|
|a text
|b txt
|2 rdacontent
|
| 337 |
|
|
|a computer
|b c
|2 rdamedia
|
| 338 |
|
|
|a online resource
|b cr
|2 rdacarrier
|
| 588 |
0 |
|
|a Vendor-supplied metadata.
|
| 504 |
|
|
|a Includes bibliographical references and index.
|
| 650 |
|
0 |
|a Organometallic chemistry.
|
| 650 |
|
7 |
|a SCIENCE / Chemistry / Organic
|2 bisacsh
|
| 650 |
|
7 |
|a Organometallic chemistry.
|2 fast
|0 (OCoLC)fst01047969
|
| 655 |
|
4 |
|a Electronic books.
|
| 700 |
1 |
|
|a Perez, Pedro J.,
|d 1965-
|e editor.
|
| 856 |
4 |
0 |
|u https://www.sciencedirect.com/science/bookseries/00653055/67
|z Full Text via HEAL-Link
|